| 000 | 01045cam a2200265 a 4500 | ||
|---|---|---|---|
| 999 |
_c9785 _d9785 |
||
| 003 | OSt | ||
| 005 | 20220303133852.0 | ||
| 008 | 000920s2001 mduab b 001 0 eng | ||
| 010 | _a 00011532 | ||
| 020 | _a0801866790 (alk. paper) | ||
| 082 | 0 | 0 |
_a307.3/416 _221 |
| 100 | 1 |
_aKolson, Kenneth L., _d1945- |
|
| 245 | 1 | 0 |
_aBig plans : _bthe allure and folly of urban design / _cKenneth Kolson. |
| 260 |
_aBaltimore : _bJohns Hopkins University Press, _cc2001. |
||
| 300 |
_axvii, 236 p. : _bill., map ; _c24 cm. |
||
| 440 | 0 | _aCenter books on contemporary landscape design | |
| 504 | _aIncludes bibliographical references (p. [217]-224) and index. | ||
| 650 | 0 | _aCities and towns. | |
| 650 | 0 | _aCity planning. | |
| 650 | 0 | _aUrban renewal. | |
| 856 | 4 | 2 |
_3Contributor biographical information _uhttp://www.loc.gov/catdir/bios/jhu052/00011532.html |
| 856 | 4 | 1 |
_3Table of contents _uhttp://www.loc.gov/catdir/toc/jhu051/00011532.html |
| 856 | 4 | 2 |
_3Publisher description _uhttp://www.loc.gov/catdir/description/jhu051/00011532.html |
| 942 | _2ddc | ||